L'art de se défendre en images -> 16 / 20e siècle - Statistiques

Statistiques générales
  • Ce quiz a été pris 7 fois
  • Le résultat moyen est 6 sur 37
Statistiques - réponses
Par images Hint Réponse % Correct
FDFB / Défense de base Fil de fer barbelé
100%
T / De 1915 à 1918 Tranchée
100%
AA / Contre les radiations Abri antiatomique
50%
C / A l'abri des tirs ennemis Casemate
50%
F / Petit fort de campagne Fortin
50%
MT/ Piégeuse Mine terrestre
50%
T / Abri de canon Tourelle
50%
AC / Défense des côtes Artillerie côtière
33%
F / Très en pointe (à droite) Flèche
33%
DDD / Antichars Dents de dragon
17%
R / Fortification indépendante Redoute
17%
A-P / Protège une porte Avant-porte
0%
B / Petite fortification surélevée Banquette
0%
B / En pointe Bastien
0%
C / Renforcement Cavalier
0%
CC / Passage protégé Chemin couvert
0%
C-F / Protection en V Contre-face
0%
C-G / Ouvrage de protection Contre-garde
0%
C / Flanquement de fossé Contrescarpe
0%
CDG / Abri de soldats Corps de garde
0%
F R / Fort de ville Créneau
0%
C / Fossé sec Cunette
0%
D / Gêne le passage au couronnement Dame
0%
D-L / ou Boulevard Demi-Lune
0%
E / Talus intérieur Escarpe
0%
F B / Protection de porte Fausse braie
0%
FB / Inventée contre l'artillerie Fortification bastionnée
0%
FD / Creusé au pied d'un mur Fossé diamant
0%
O / En forme d'oreille Orillon
0%
O A C / Défense de bastion Ouvrage à corne
0%
P B / Equivalent de la basse-cour Place basse
0%
PE / Pont spécifique Pont écluse
0%
R / En pointe dans un mur Redan
0%
R / Retranchement Réduit
0%
T / Placée entre deux bastions Tenaille
0%
TN / Modèle 1811 Tour Napoléon
0%
T / Protection de retranchement Traverse
0%
Aucun quiz correspondant
Distribution des résultats
% des personnes avec chaque résultat
Percentile par nombre de réponses
Votre historique - résultats
Vous n’avez pas pris ce quiz